01332nam a2200361 i 450000100060000000300090000600500170001500800390003202000150007104000360008604100080012204600090013008000110013908000150015008000120016524501260017725000240030326000340032730000300036133600270039133700540041833800280047238000160050038800100051650000660052665000330059265500300062565800340065570000410068970000450073071000970077585600980087253515KOSZ 00520220929110527.0070511s2004 pl f f |000 0 pol a8389179016 cKOSZ 005aKOSZ 005dKOSZ 005/HR0 apol k2004 a657.05 a658.14/.17 a(075.8)00aRachunkowość zarządcza :bpraca zbiorowa /cpod red. Teresy Kiziukiewicz ; [aut. rozdz. Ksenia Czubakowska et al.]. aWyd. 4 zm. i rozsz. aWrocław :b"Ekspert",c2004. a323 s. :bwykr. ;c24 cm. 2rdacontentaTekstbtxt 2rdamediaaBez urządzenia pośredniczącegobn 2rdacarrieraWoluminbnc aKsiążki a2001- aWyd. z uwzględnieniem nowelizacji ustawy o rachunkowości. 4aRachunkowość zarządcza 4aPodręczniki akademickie aGospodarka, ekonomia, finanse1 aCzubakowska, Kseniad(1946- )eAutor1 aKiziukiewicz, Teresad(1947- )eRedakcja2 a Ekspert Wydawnictwo i Doradztwo z Zakresu Rachunkowości i Finansów, Marian Pałka4pbl. uhttp://koha.tu.koszalin.pl/cgi-bin/koha/opac-detail.pl?biblionumber=53515yKatalog online BPK